Rechtschreibung - Statistiken

Allgemein
  • Dieses Quiz wurde 511 mal gespielt
  • Das Durchschnittsergebnis liegt bei 11 aus 15
Antwortstatistiken
Frage Antwort % Korrekt
Welches Wort ist richtig? Zucchini
88%
Welches Wort ist richtig? Jalousie
86%
Welches Wort ist richtig? Mandarine
86%
Welches Wort ist richtig? Ressource
85%
Welches Wort ist richtig? Symmetrie
80%
Welches Wort ist richtig? Karotte
79%
Welches Wort ist richtig? Terrasse
77%
Welches Wort ist richtig? Apparat
76%
Welches Wort ist richtig? nichtsdestotrotz
75%
Welches Wort ist richtig? Rhythmus
72%
Welches Wort ist richtig? Satellit
69%
Welches Wort ist richtig? Silhouette
67%
Welches Wort ist richtig? Portemonnaie
65%
Welches Wort ist richtig? Karussell
61%
Welches Wort ist richtig? Philippinen
57%
Keine übereinstimmenden Quizze gefunden
Verteilung der Resultate
Anzahl Personen mit jedem Resultat
Perzentil nach korrekt beantworteten Fragen
Ihre Resultats-Entwicklung
Sie haben dieses Quiz noch nicht gespielt